000 01335nam a2200337Ia 4500
001 ebr10054574
003 CaPaEBR
006 m u
007 cr cn|||||||||
008 981120s1999 enk sb 001 0 eng d
010 _z 98054121
020 _z0203013824
020 _z0415213401 (hc. : alk. paper)
020 _z0415178681 (pbk. : alk. paper)
040 _aCaPaEBR
_cCaPaEBR
035 _a(OCoLC)48139173
050 1 4 _aPB35
_b.G783 1999eb
082 0 4 _a418/.0071/2
_221
100 1 _aGrenfell, Michael,
_d1953-
245 1 0 _aModern languages and learning strategies
_h[electronic resource] :
_bin theory and practice /
_cMichael Grenfell and Vee Harris.
260 _aLondon ;
_aNew York :
_bRoutledge,
_c1999.
300 _a165 p.
504 _aIncludes bibliographical references (p. [153]-159) and index.
533 _aElectronic reproduction.
_bPalo Alto, Calif. :
_cebrary,
_d2009.
_nAvailable via World Wide Web.
_nAccess may be limited to ebrary affiliated libraries.
650 0 _aLanguages, Modern
_xStudy and teaching.
650 0 _aLanguage and languages.
655 7 _aElectronic books.
_2local
700 1 _aHarris, Vee,
_d1949-
710 2 _aebrary, Inc.
856 4 0 _uhttp://site.ebrary.com/lib/rucke/Doc?id=10054574
_zAn electronic book accessible through the World Wide Web; click to view
999 _c64685
_d64685